000 01098cad a22002295a 4500
001 E149666
008 100406s2010 xxk f f000 0 eng d
020 _a9780101782821
035 _a(Sirsi) u149666
041 0 _aeng
110 2 _aUnited Kingdom
_bDepartment for Work and Pensions
_95352
245 0 4 _aThe Government response to the Rita Donaghy report
_bone death is too many, inquiry into the underlying causes of construction fatal accidents
_h[electronic resource]
260 _aKew
_bOPSI
_c2010
490 0 _aCm
_v7828
520 _aPresents the Government's response to the recommendations made as a result of an inquiry into the causes of fatal accidents in the construction industry, which was carried out by Rita Donaghy at the behest of the Secretary of State for Work and Pensions (see E149665).
521 _aAdvanced
590 _aKA
651 4 _aUnited Kingdom
_y
690 _aHealth and safety
_96244
856 4 0 _uhttps://www.gov.uk/government/publications/the-governments-response-to-the-rita-donaghy-report
_zView the report free of charge at www.gov.uk
942 _n0
999 _c110593
_d110593